LEADER 01358nam a2200289 i 4500 001 000000257034 003 CaOOAMICUS 005 20180126000000.0 008 180126s2017 fr u000 u und u 013 $a235942 020 $a978-2-204-12617-5 040 $aSeMil$bita 100 0 $aEvagrius : Ponticus,$d<356?-399>.$0(OLS)http://semarc/name/4811 245 10$aÀ Euloge ; Les vices opposés aux vertus /$cÉvagre le Pontique ; introduction, texte critique, traduction et notes Charles-Antoine Fogielman. 260 $aParis :$bLes Éditions du Cerf,$c2017. 300 $a534 p. ;$c20 cm. 490 0 $aSources Chrétiennes ;$v591 500 $aTesto greco e traduzione francese a fronte. - Bibliographie p. [253]-262. 600 04$aEvagrio Pontico.$0(OLS)http://semarc/subject/12685 700 1 $aFogielman, Charles-Antoine,$d<1986- >.$0(OLS)http://semarc/name/94742 830 0$aSources chrétiennes ;$v591.$0(OLS)http://semarc/title/72 850 $aSeMil 852 $aSeMil$W1$xVenegono$y1$mSL1.U II 591$j207380$B207380$CSeMilBibl$Z2$F220867 $8I 961 $aSottoscrizione: Cerf (Éditions) 996 $6020$a978-2-204-12617-5$9(OLS)http://semarc/number/281624 996 $6245$aÀ Euloge ; Les vices opposés aux vertus$9(OLS)http://semarc/title/412619 996 $6260$aParis :$bLes Éditions du Cerf$9(OLS)http://semarc/publisher/29611 LEADER 01016nam a2200169 i 4500 001 000000215123 003 CaOOAMICUS 005 20120813000000.0 008 120813s1860 it u000 u lat u 013 $a193995 040 $aSeMil$bita 245 10$aCommentaria ac disputationes in tertiam partem D. Thomae, scilicet, opus De incarnatione, usque ad disputat. 25., questioni 9. D. Thomae respondentem. 300 $aXII, 675 p. 773 0 $aSuarez, Francisco, $tFrancisci Suarez e Societate Jesu Opera omnia.$bEditio nova a D. M. André, ... [poi] a Carolo Berton iuxta editionem venetianam 23 tomos in F. continentem, accurate recognita.$dParisiis : apud Ludovicum Vivès, 1856-1878.$g17$w()27223 850 $aSeMil 852 $aSeMil$W1$xVenegono$y1$m1ZF IV 33 FA$j165544$B165544$CSeMilBibl$Z2$F176520 $8I 996 $6245$aCommentaria ac disputationes in tertiam partem D. Thomae, scilicet, opus De incarnatione, usque ad disputat. 25., questioni 9. D. Thomae respondentem$9(OLS)http://semarc/title/309835